000 01009nam0a22003011 4500
001 rc\2176115
005 20250623021016.0
035 _a(NLR Aleph) 006524654
090 _a6467924
_c6467924
100 _a20110826d1979 |||y0rusy50 ca
101 0 _arus
102 _aRU
105 _aa z |||||
200 1 _aАрхипелаг двух морей
210 _aМосква
_cМысль
_d1979
215 _a160 с., 8 л. ил.
_d20
607 _aНовосибирские острова
_xПутешествия
_2psbo
686 _a26.89(2Р54)
_2rubbk
686 _aД9(2Р1,99Нов)0я9
_2rubbk
700 1 _7ca
_8rus
_aИванов
_bВ. Л.
_cд-р геол.-минерал. наук, литератор
_f1932-2018
_gВладимир Леонидович
_9260578
_3RU\NLR\AUTH\770260634
801 0 _aRU
_bNLR
_gpsbo
801 1 _aRU
_bELAR
_2rusmarc
852 _aNLR
_j79-3/3905
899 _aRuMoRGB
_jB 79-29/181
899 _aRuMoRGB
_jB 79-29/182
942 _cBOOK
980 _aNB